banner-ar

The Sculptors Models Of The Late And Ptolemaic Periods \ (Record no. 60603)

MARC details
000 -الفاتح
حقل البيانات ثابتة الطول 00774nam a22002297a 4500
005 - وقت وتاريخ اخر تعامل مع التسجيلة
رقم الضبط 20240530110418.0
008 - عناصر البيانات ثابتة الطول - معلومات عامة
حقل البيانات ثابتة الطول 150309s2005 ua alo f b 000 0 eng d
020 ## - الرقم الدولى المعيارى للكتب
الرقم الدولى المعيارى للكتاب 9773058166
040 ## - مصدر الفهرسة
وكالة الفهرسة الأصلية EG-CaGPL
وكالة النسخ EG-CaGPL
082 04 - رقم تصنيف ديوى العشرى
رقم الطبعة 21
رقم التصنيف 932.02
رقم المادة CC/T S
100 0# - المدخل الرئيسى - إسم شخصى
الإسم الشخصى Nadja Samir Tomoum
245 14 - بيان العنوان
العنوان The Sculptors Models Of The Late And Ptolemaic Periods \
بقية العنوان Nadja Samir Tomoum ; Translated by Brenda Siller
260 ## - PUBLICATION, DISTRIBUTION, ETC. (IMPRINT)
تاريخ النشر أو التوزيع c2005
300 ## - الوصف المادى
التعداد 265 p. ,102 plate :
تفاصيل ماديه اخرى للوعاء ill.;
أبعاد الوعاء 32 cm.
504 ## - تبصرة ببليوجرافية
تبصرة ببليوجرافية,الخ Includes bibliographical references
650 0# - المدخل الاضافى بالموضوع-مصطلح موضوعى
مصطلح موضوعي Sculptors
التقسيم الفرعي الزمني Ancient Egyption
650 0# - المدخل الاضافى بالموضوع-مصطلح موضوعى
مصطلح موضوعي Sculptors
التقسيم الفرعي الزمني Ptolemaic Periods
700 1# - المدخل الاضافى - اسم شخصى
الإسم الشخصى Siller , Brenda
الدور Translator
942 ## - عناصر المدخل الإضافي( كوها)
مصدر التصنيف او مخطط الترفيف Dewey Decimal Classification
Koha [default] item type كتاب
260 ## - PUBLICATION, DISTRIBUTION, ETC. (IMPRINT)
-- Cairo :
-- The Supreme Council of Antiquities ,
Holdings
حالة التراجع حالة الفقد مصدر التصنيف او خطة الترفيف حالة تلف ليس للاعارة المكان المؤقت الموقع الحالى تاريخ الاكتساب اجمالي اﻻعارات رقم الطلب الباركود تاريخ اخر مشاهدة تاريخ تفعيل السعر نوع وعاء كوها
    ddc     مكتبة القاهرة الكبرى مكتبة القاهرة الكبرى 03/09/2015   932.02 CC/T S 159702 03/09/2015 03/09/2015 كتاب

Powered By

EGPV